000 00732nam a2200253Ia 4500
003 OSt
005 20220918204617.0
006 a|||||r|||| 00| 0
007 ta
008 220917b |||||||| |||| 00| 0 eng d
024 _a113,445
037 _cTextual
040 _aARTS
_cARTS
_beng
041 _2eng
_aeng
082 _aV55:19595.N7, L6
100 _aRosenthal Harry Kenneth
_9112539
245 0 _aGerman and Pole
_b National conflict and modern myth
260 _aGainesvi
_bUniversity Press of Florida
_c1976
300 _aviii, 175p.
_ccm.
500 _aBibliography p149-168
650 _aHISTORY
942 _hV55:19595.N7, L6
_cTEXL
_2CC
999 _c236778
_d236778